000 00759nam a2200205Ii 4500
003 JO-AjNU
008 230605s9999||||xx |||||||||||||| ||und||
017 _a2009/9/3870
040 _aJO-AjNU
_bara
_erda
_cJO-AjNU
041 _aara
050 1 4 _aDS154.3.B2 2009
100 3 _aتاليف البخيت، محمد عدنان,
_eauthor
_949252
245 0 0 _aمملكة الكرك في العهد المملوكي 648هجري/1250م-922هجري/1516م
264 3 1 _aعمان: وزارة الثقافة، 2009
300 _a236ص
_bفهارس من ص(189-230)
336 _atext
_btxt
_2rdacontent
337 _aunmediated
_bn
_2rdamedia
338 _avolume
_bnc
_2rdacarrier
650 4 _aالاردن-تاريخ-الكرك-العصرالمملوكي
_949253
999 _aA21621
_c25189
_d25189